El Señor de la expiración del pueblo de Guadalupe /
Relato de las apariciones del Señor de la Expiración del pueblo de Guadalupe. Se incluye la historia, las leyendas, la imagen, el culto, la procesión, la mística popular, entre otras actividades relacionadas con la adoración de este Cristo.
Guardado en:
| Hovedforfatter: | |
|---|---|
| Format: | Bog |
| Sprog: | spansk |
| Udgivet: |
Monterrey, México :
Editorial Alfonso Reyes,
1973, c1973
|
| Fag: | |
| Tags: |
Ingen Tags, Vær først til at tagge denne postø!
|
MARC
| LEADER | 00000nam^a2200000^a^4500 | ||
|---|---|---|---|
| 001 | 000110742 | ||
| 005 | 20250521000000.0 | ||
| 009 | 20260310093808.234 | ||
| 037 | |a Acervo ITESO - Biblioteca | ||
| 041 | |a ESP | ||
| 082 | |a 232. 97 |b CAV | ||
| 100 | |a Cavazos Garza, Israel |e (autor) | ||
| 245 | 1 | 3 | |a El Señor de la expiración del pueblo de Guadalupe / |c I. Cavazos Garza. |
| 264 | 4 | |a Monterrey, México : |b Editorial Alfonso Reyes, |c 1973, c1973 | |
| 300 | |a 137 p. | ||
| 336 | |a texto |b txt |2 rdacontenido | ||
| 337 | |a sin mediación |b n |2 rdamedio | ||
| 338 | |a volumen |b nc |2 rdasoporte | ||
| 520 | |a Relato de las apariciones del Señor de la Expiración del pueblo de Guadalupe. Se incluye la historia, las leyendas, la imagen, el culto, la procesión, la mística popular, entre otras actividades relacionadas con la adoración de este Cristo. | ||
| 649 | |a XX | ||
| 650 | |a Jesucristo - |x Apariciones | ||
| 650 | |a Jesucristo | ||
| 650 | |a Peregrinaciones - |z Monterrey, Nuevo León | ||
| 650 | |a Peregrinaciones - |z México | ||
| 650 | |a Fiestas Religiosas - |z Monterrey, Nuevo León | ||
| 650 | |a Fiestas Religiosas - |z México | ||
| 650 | |a Culto Religioso - |z Monterrey, Nuevo León | ||
| 650 | |a Culto Religioso - |z México | ||
| 650 | |a Teofanías | ||
| 650 | |a Catolicismo | ||
| 650 | |a Cristianismo | ||
| 650 | |a Sociología de la Religión | ||
| 650 | |a Religión | ||
| 910 | |a Fondo Salvador Reynoso Reynoso | ||
| 920 | |a Impresos - Libros | ||
| 930 | |a Fondos Especiales | ||
| 905 | |a 112 | ||
| 901 | |a 0800000395 |b IT2 |c ESP |u 20250521 | ||
| 902 | |a https://opac.biblio.iteso.mx/vufind/Record/000110742 | ||